|
|
|
|
| LEADER |
01181nam a2200265 4500 |
| 001 |
10014739 |
| 003 |
upatras |
| 005 |
20210524091853.0 |
| 008 |
881025s1967 fr fre |
| 040 |
|
|
|a GR-PaULI
|e AACR2
|c GR-PaULI
|
| 041 |
0 |
|
|a fre
|a gre
|
| 082 |
0 |
4 |
|a 870
|
| 100 |
0 |
|
|a Σουητώνιος,
|d π. 69-π. 122
|4 aut
|9 5793
|
| 245 |
1 |
0 |
|a Suetone
|b περί βλασφημιών, περί παιδιών
|b des termes injurieux, des jeux grecs
|b extraits byzantins
|c ; par Jean Taillardat
|
| 260 |
|
|
|a Paris
|b Les Belles Lettres
|c 1967
|
| 300 |
|
|
|a 188 p.
|c 26 cm.
|
| 490 |
0 |
|
|a Nouvelle collection de textes et documents
|
| 504 |
|
|
|a Περιέχει βιβλιογραφία και ευρετήριο
|
| 650 |
|
4 |
|a Λατινική γραμματεία
|x Πηγές
|9 5795
|
| 700 |
1 |
|
|a Taillardat, Jean
|4 aut
|9 134784
|
| 760 |
1 |
|
|a Nouvelle collection de textes et documents
|
| 852 |
|
|
|a GR-PaULI
|b ΠΑΤΡΑ
|b ΒΚΠ
|b ΒΣ2
|k ΑΣΧΞ
|h 870 SUE
|m 24303
|p 025000183708
|t 1
|
| 942 |
|
|
|2 ddc
|c BK15
|
| 952 |
|
|
|0 0
|1 0
|4 0
|6 870_000000000000000_SUE
|7 0
|9 158357
|a LISP
|b LISP
|c BSC
|d 2016-04-24
|i 24303
|l 0
|o 870 SUE
|p 025000183708
|r 2016-04-24 00:00:00
|t 1
|w 2016-04-24
|y BK15
|
| 999 |
|
|
|c 100059
|d 100059
|